EPL Top Scorers 2024/25 - Sudden Death - Statistics

General Stats
  • This quiz has been taken 202 times
  • The average score is 4 of 9
Answers on the Grid
Answers color-coded by a green-red scale on the quiz's grid according to % correct below.
Mohamed Salah
Alexander Isak
Erling Haaland
Bryan Mbeumo
Chris Wood
Yoane Wissa
Ollie Watkins
Cole Palmer
Matheus Cunha
Jean-Philippe Mateta
Jorgen Strand Larsen
Luis Díaz
Jarrod Bowen
Raúl Jiménez
Liam Delap
Justin Kluivert
Kevin Schade
Antoine Semenyo
Brennan Johnson
Kaoru Mitoma
Cody Gakpo
Evanilson
Nicolas Jackson
João Pedro
Dominic Solanke
Kai Havertz
Bruno Fernandes
Beto
Phil Foden
Bukayo Saka
 
Answer Stats
Answer % Correct
29 Mohamed Salah
76%
22 Erling Haaland
69%
23 Alexander Isak
67%
20 Chris Wood
54%
15 Cole Palmer
39%
20 Bryan Mbeumo
36%
19 Yoane Wissa
36%
15 Matheus Cunha
28%
16 Ollie Watkins
28%
No matching quizzes found
Score Distribution
Percent of People with Each Score
Percentile by Number Answered
Your Score History
You have not taken this quiz